000 00674cam a22002413a 4500
001 13888
003 PGUSA
005 20140828083310.0
008 041029s2004||||xxu|||||s|||||000 i eng d
040 _aPGUSA
_beng
042 _adc
050 4 _aPR
100 1 _aChurch, R. W.
_q(Richard William),
_d1815-1890
245 1 0 _aBacon
_h[electronic resource] /
_cR. W. Church
260 _bProject Gutenberg,
_c2004
506 _aPublic domain in the USA.
516 _aElectronic text
653 _aBacon, Francis, 1561-1626
700 1 _aMorley, John,
_d1838-1923
830 0 _aProject Gutenberg
_v13888
856 4 0 _uhttp://www.gutenberg.org/ebooks/13888
942 _cEB
999 _c243143
_d243143